Culture générale Bretagne - Côtes-d'Armor - Statistiques

Statistiques générales
  • Ce quiz a été pris 38 fois
  • Le résultat moyen est 5 sur 15
Statistiques - réponses
Hint Réponse % Correct
Quelle commune est célèbre pour son club de foot rayonnant en comparaison à son nombre d'habitant ? Guingamp
97%
Quelle ville est la préfecture des Côtes-d'Armor ? Saint Brieuc
91%
Quel est le plus important port morutier de Bretagne entre le XVe et le XXe siècle ? Paimpol
52%
Quelle célèbre château médiéval fait face au cap d'Erquy ? La Roche Goyon / Fort la Latte
45%
Jusqu'à quel ville costarmoricaine le fleuve Trieux est-il navigable ? Pontrieux
36%
En quelle année le nom de Côtes-du-Nord change officiellement pour celui des Côtes-d'Armor ? 1990
33%
Quel saint breton est né à Minihy (Tréguier) au XIIIe siècle ? saint Yves
33%
Quel célèbre connétable de France est né à Broons à côté de Dinan ? Bertrand du Guesclin
27%
Quel archipel est célèbre pour sa réserve ornithologique, la plus grande de France ? Les Sept Îles
24%
Où est né le célèbre auteur Ernest Renan ? Tréguier
24%
Quel auteur français a écrit le roman Pêcheur d'Islande ? Pierre Loti
18%
De quelle tribu gauloise Corseul était la capitale ? Les Coriosolites
12%
Quel est le point culminant des Côtes-d'Armor ? Mont Bel Air / Menez Bélair
12%
Quel est le nom du château de Guingamp, faisant référence à la personne qui en a ordonné la construction ? Pierre II
9%
Quelle chapelle costarmoricaine est célèbre pour sa danse macabre médiévale ? Kermaria an Iskuit
3%
Aucun quiz correspondant
Distribution des résultats
% des personnes avec chaque résultat
Percentile par nombre de réponses
Votre historique - résultats
Vous n’avez pas pris ce quiz